banner koha

Testes comparativos de atividade de renina e coalhos microbianos (Registro n. 318113)

MARC details
000 -LÍDER
campo de controle de tamanho fixo 01076naa a22003137a 4500
001 - NÚMERO DE CONTROLE
campo de controle BR8701741
003 - IDENTIFICADOR DO NÚMERO DE CONTROLE
campo de controle BR-BrBNA
005 - DATA E HORÁRIO DA ÚLTIMA TRANSAÇÃO
campo de controle 20240918175759.0
007 - CAMPO FIXO DE DESCRIÇÃO FÍSICA--INFORMAÇÃO GERAL
campo de controle de tamanho fixo ta
008 - CAMPO DE DADOS FIXOS--INFORMAÇÃO GERAL
campo de controle de tamanho fixo 230509b bl.||||| |||| 00| 0 por d
040 ## - FONTE DA CATALOGAÇÃO
Instituição da catalogação original BR-BrBNA
Idioma da catalogação por
Instituição que transcreveu o registro Biblioteca Nacional de Agricultura
041 ## - CÓDIGO DE IDIOMA
Código do idioma do texto/trilha sonora ou título diferente (Pt)
072 ## - CÓDIGO DE CATEGORIA DE ASSUNTO
Código de Categoria de Assunto Q02
Código do objeto 9410
-- 9430
-- 9490
090 ## - NÚMERO DE CHAMADA LOCAL
Número de chamada Q02 BR8701741
100 1# - ENTRADA PRINCIPAL--NOME PESSOAL
Nome pessoal Cunha, B.C.A.
100 1# - ENTRADA PRINCIPAL--NOME PESSOAL
Nome pessoal Vitolo, M.
100 1# - ENTRADA PRINCIPAL--NOME PESSOAL
Nome pessoal Vaz, A.J.
111 1# - ENTRADA PRINCIPAL--NOME DO EVENTO
Nome do evento ou lugar 4. Congresso Nacional de Laticinios
Local do evento Juiz de Fora, MG (Brazil)
Data do evento ou assinatura do tratado 18-22 Jul 1977
245 1# - TÍTULO
Título Testes comparativos de atividade de renina e coalhos microbianos
260 3# - PUBLICAÇÃO, DISTRIBUIÇÃO, ETC.
Local de publicação, distribuição, etc. Belo Horizonte, MG (Brasil):
Data da publicação, distribuição, etc. 1977.
500 ## - NOTA GERAL
Nota geral Anais do 4. Congresso Nacional de Laticinios<br/>Belo Horizonte, MG (Brasil): 1977. p. 175-190<br/>(BR8701741-AM)Q02<br/>
650 ## - ASSUNTO--TERMO TÓPICO
Cabeçalho tópico ou nome geográfico LEITE
650 ## - ASSUNTO--TERMO TÓPICO
Cabeçalho tópico ou nome geográfico QUEIJO
650 ## - ASSUNTO--TERMO TÓPICO
Cabeçalho tópico ou nome geográfico COALHO
650 ## - ASSUNTO--TERMO TÓPICO
Cabeçalho tópico ou nome geográfico COAGULACAO
773 0# - ENTRADA ANALÍTICA
Título Anais do 4. Congresso Nacional de Laticinios
Número de controle do registro Q02 BR8701741
Partes relacionadas Belo Horizonte, MG (Brasil), 1977. p. 175-190
909 ## -
-- 202404
-- Lucia
-- 55
-- Lucia Elande
942 ## - ELEMENTOS DE ENTRADA ADICIONADOS (KOHA)
Tipo de material Koha Capítulo-Livro
Fonte da classificação ou esquema de arquivamento na estante Classificação AGRIS
Exemplares
Situação do descarte Fonte da classificação ou esquema de arquivamento na estante Situação física Não pode ser emprestado Coleção Biblioteca de origem Biblioteca atual Localização na estante Total de empréstimos Número de telefone completo Data de último acesso Número do exemplar Tipo de material Koha Situação das perdas Data de aquisição Fonte de aquisição
  Classificação AGRIS       Biblioteca Nacional de Agricultura - Binagri Biblioteca Nacional de Agricultura - Binagri Agrobase - Acervo Geral   H01 BR0001039 20/05/2024 01 Capítulo-Livro   2024-04-11 Portaria Interministerial nº 164/94

BINAGRI

Telefone: (61)3218-2567/2388/3357/2097 - binagri@agro.gov.br

Ministério da Agricultura e Pecuária , Esplanada dos Ministérios, Bloco D, Anexo B, Brasília/DF, CEP: 70.043-900